| 000 | 00906nam a2200265Ia 4500 | ||
|---|---|---|---|
| 003 | OSt | ||
| 005 | 20221005023640.0 | ||
| 006 | a|||||r|||| 00| 0 | ||
| 007 | ta | ||
| 008 | 221004b |||||||| |||| 00| 0 eng d | ||
| 020 |
_a9783110193027 (hbk) _c5318.88 |
||
| 024 | _a96982 | ||
| 037 |
_b2570, 03/02/2009, Allied Publishers Pvt. Ltd. _cTextual |
||
| 040 |
_aCRL _cCRL _beng |
||
| 041 |
_2eng _aeng |
||
| 082 | _aR3xM13:g, P7 | ||
| 100 |
_aWestfall Joseph _9389000 |
||
| 245 | 0 |
_aKierkegaardian author _b Authorship and performance in Kierkegaard's literary and dramatic criticism |
|
| 260 |
_aBerlin _bWalter de Gruyter German _c2007 |
||
| 300 |
_axii,288p. _ccm. |
||
| 490 | _aKierkegaard studies: Monograph series; 15 | ||
| 650 | _aPHILOSOPHY | ||
| 942 |
_hR3xM13:g, P7 _cTEXL _2cc |
||
| 999 |
_c931522 _d931522 |
||